Theology at the void : (Record no. 120843)
[ view plain ]
| 000 -LEADER | |
|---|---|
| fixed length control field | 01604cam a22003254a 4500 |
| 001 - CONTROL NUMBER | |
| control field | 12468044 |
| 003 - CONTROL NUMBER IDENTIFIER | |
| control field | ARRUPE |
| 005 - DATE AND TIME OF LATEST TRANSACTION | |
| control field | 20140910172319.0 |
| 008 - FIXED-LENGTH DATA ELEMENTS--GENERAL INFORMATION | |
| fixed length control field | 010713s2002 inu b 001 0 eng |
| 010 ## - LIBRARY OF CONGRESS CONTROL NUMBER | |
| LC control number | 2001004257 |
| 020 ## - INTERNATIONAL STANDARD BOOK NUMBER | |
| International Standard Book Number | 0268033528 (alk. paper) |
| 020 ## - INTERNATIONAL STANDARD BOOK NUMBER | |
| International Standard Book Number | 0268033536 (pbk. : alk. paper) |
| 040 ## - CATALOGING SOURCE | |
| Original cataloging agency | DLC |
| Transcribing agency | DLC |
| Modifying agency | DLC |
| 042 ## - AUTHENTICATION CODE | |
| Authentication code | pcc |
| 050 00 - LIBRARY OF CONGRESS CALL NUMBER | |
| Classification number | BR110 |
| Item number | .K373 2002 |
| 082 00 - DEWEY DECIMAL CLASSIFICATION NUMBER | |
| Classification number | 230 |
| Edition number | 21 |
| 300 ## - PHYSICAL DESCRIPTION | |
| Dimensions | 24 cm. |
| 100 1# - MAIN ENTRY--PERSONAL NAME | |
| Personal name | Kelly, Thomas M., |
| Dates associated with a name | 1969- |
| 9 (RLIN) | 4918 |
| 245 10 - TITLE STATEMENT | |
| Title | Theology at the void : |
| Remainder of title | the retrieval of experience / |
| Statement of responsibility, etc | Thomas M. Kelly. |
| 260 ## - PUBLICATION, DISTRIBUTION, ETC. (IMPRINT) | |
| Place of publication, distribution, etc | Notre Dame, Ind. : |
| Name of publisher, distributor, etc | University of Notre Dame Press, |
| Date of publication, distribution, etc | c2002. |
| 300 ## - PHYSICAL DESCRIPTION | |
| Extent | xvii, 203 p. ; |
| 504 ## - BIBLIOGRAPHY, ETC. NOTE | |
| Bibliography, etc | Includes bibliographical references (p. 193-198) and index. |
| 505 0# - FORMATTED CONTENTS NOTE | |
| Formatted contents note | Postmodernism(s) and theology -- Schleiermacher and the turn to the subject -- Wayne Proudfoot's religious experience, a postmodern theory of religious experience -- George Lindbeck's nature of doctrine, a postmodern theological effort -- George Steiner's real presences, the framing of the contemporary problem -- Karl Rahner's theology of mystery, one response to the void. |
| 600 10 - SUBJECT ADDED ENTRY--PERSONAL NAME | |
| Personal name | Schleiermacher, Friedrich, |
| Dates associated with a name | 1768-1834. |
| 9 (RLIN) | 11281 |
| 650 #0 - SUBJECT ADDED ENTRY--TOPICAL TERM | |
| Topical term or geographic name as entry element | Experience (Religion) |
| 9 (RLIN) | 11282 |
| 650 #0 - SUBJECT ADDED ENTRY--TOPICAL TERM | |
| Topical term or geographic name as entry element | Postmodernism |
| General subdivision | Religious aspects |
| -- | Christianity. |
| 9 (RLIN) | 11283 |
| 650 #0 - SUBJECT ADDED ENTRY--TOPICAL TERM | |
| Topical term or geographic name as entry element | Language and languages |
| General subdivision | Religious aspects |
| -- | Christianity. |
| 9 (RLIN) | 11284 |
| 906 ## - LOCAL DATA ELEMENT F, LDF (RLIN) | |
| a | 7 |
| b | cbc |
| c | orignew |
| d | 1 |
| e | ecip |
| f | 20 |
| g | y-gencatlg |
| 942 ## - ADDED ENTRY ELEMENTS (KOHA) | |
| Source of classification or shelving scheme | Library of Congress Classification |
| Koha item type | Monograph ( Printed materials) |
| Withdrawn status | Lost status | Source of classification or shelving scheme | Damaged status | Not for loan | Collection code | Home library | Current library | Shelving location | Date acquired | Total Checkouts | Full call number | Barcode | Date last seen | Price effective from | Koha item type |
|---|---|---|---|---|---|---|---|---|---|---|---|---|---|---|---|
| Library of Congress Classification | Main Collection | ARRUPE LIBRARY | ARRUPE LIBRARY | Main Collection | 10/09/2014 | BR110 .K373 2002 | 46500001443 | 15/11/2016 | 10/09/2014 | Monograph ( Printed materials) |